សុទ្ធិ កុមារភាពដែលត្រូវគេដកហូត / (Record no. 1630)

MARC details
000 -LEADER
fixed length control field 02730nam a22003017a 4500
001 - CONTROL NUMBER
control field 1630
003 - CONTROL NUMBER IDENTIFIER
control field FISKH
005 - DATE AND TIME OF LATEST TRANSACTION
control field 20250530115129.0
008 - FIXED-LENGTH DATA ELEMENTS--GENERAL INFORMATION
fixed length control field 230912b cb ||||| |||| 00| 0 khr d
020 ## - INTERNATIONAL STANDARD BOOK NUMBER
International Standard Book Number 9789924340164
040 ## - CATALOGING SOURCE
Original cataloging agency FISKH
Language of cataloging eng
Transcribing agency FISKH
Modifying agency FISKH
082 ## - DEWEY DECIMAL CLASSIFICATION NUMBER
Classification number 371.9047
100 ## - MAIN ENTRY--PERSONAL NAME
Personal name Sithi, Hok
245 ## - TITLE STATEMENT
Title សុទ្ធិ កុមារភាពដែលត្រូវគេដកហូត /
Statement of responsibility, etc. ហុក សុទ្ធិ - និពន្ធដោយ ច័ន
250 ## - EDITION STATEMENT
Edition statement បោះពុម្ពលើកទី៣ ខែមេសា ឆ្នាំ​២០២២
260 ## - PUBLICATION, DISTRIBUTION, ETC.
Place of publication, distribution, etc. Phnom Penh :
Name of publisher, distributor, etc. Sipar,
Date of publication, distribution, etc. 2022.
300 ## - PHYSICAL DESCRIPTION
Extent 111 pages :
Other physical details illustrations ;
Dimensions 19 cm
490 ## - SERIES STATEMENT
Series statement អក្សរសិល្ប៍យុវវ័យ
505 ## - FORMATTED CONTENTS NOTE
Formatted contents note Z'<br/>
520 ## - SUMMARY, ETC.
Summary, etc. សុទ្ធិ កើតក្នុងឆ្នាំមមែ ត្រូវនឹងឆ្នាំ១៩៦៧ នៅកន្នុងខេត្តកំពង់ចាម ចំពេលដែលកម្ពុជាចាប់ផ្ដើមលង់ខ្លួនចូលទៅក្នុងភ្លើងសង្គ្រាម និងការទម្លាក់គ្រប់បែកពីសំណាក់សហរដ្ឋអាមេរិក។ សុទ្ធិមានអាយុ៣ឆ្នាំ នៅពេលដែលពួកខ្មែរក្រហមចូលមកកាន់កាប់ភូមិអន្ទង់ស។ ចាប់ពីពេលនោះមកអ្វីៗត្រូវក្រឡាប់ចាក់ ៖ អាក្រក់ទៅជាល្អ សទៅជាខ្មៅ ល្ងង់ខ្លៅទៅជាចេះ ហើយសូម្បីតែគោក៏ត្រូវបានគេហៅថាសមមិត្តគោដែរ។ កុមារភាពដ៏ចម្លែកមួយនៅក្រោមប្រវត្តសាស្រ្តនៃកម្ពុជា។
520 ## - SUMMARY, ETC.
Summary, etc. Sothi was born in the year 1967 in Kampong Cham province, at a time when Cambodia was beginning to sink into the flames of war and bombardment by the United States. Sothi was three years old when the Khmer Rouge took over the village of Antang Sar. From then on, things turned upside down: bad to good, white to black, ignorance to knowledge, and even cows were called cow comrades. A strange childhood under the history of Cambodia.
521 8# - TARGET AUDIENCE NOTE
Target audience note 920<br/>
Source Lexile estimate<br/>
521 8# - TARGET AUDIENCE NOTE
Target audience note Z'<br/>
Source Raz-Plus<br/>
650 ## - SUBJECT ADDED ENTRY--TOPICAL TERM
Topical term or geographic name entry element សង្គ្រាម
Form subdivision ក្រឡាប់ចាក់
General subdivision សមមិត្ត
Chronological subdivision គោ​
650 ## - SUBJECT ADDED ENTRY--TOPICAL TERM
Topical term or geographic name entry element War
Form subdivision Up side down
General subdivision Comrade
Chronological subdivision Cow
700 ## - ADDED ENTRY--PERSONAL NAME
Personal name Chan
Relator term illustrator
942 ## - ADDED ENTRY ELEMENTS (KOHA)
Source of classification or shelving scheme Dewey Decimal Classification
Koha item type Khmer Books
Suppress in OPAC No
Holdings
Withdrawn status Lost status Source of classification or shelving scheme Damaged status Not for loan Collection Home library Current library Shelving location Date acquired Total Checkouts Full call number Barcode Date last seen Date last checked out Copy number Price effective from Koha item type
    Dewey Decimal Classification     Khmer Non-Fiction / សៀវភៅខ្មែរ រឿងពិត Footprints International School Library Network Toul Kork Campus Footprints International School Library Network Toul Kork Campus TK Campus, Room B402, Khmer Book Case 16, Shelves 112-123 / ទូរសៀវភៅខ្មែរលេខ ១៦​ ធ្នើរ ១១២ ដល់ ១២៣ បន្ទប់ B402 សាខាទួលគោក 09/12/2023 1 SUT 371.9047 2023-0575 01/19/2026 10/14/2025 1 09/12/2023 Khmer Books
    Dewey Decimal Classification     Khmer Non-Fiction / សៀវភៅខ្មែរ រឿងពិត Footprints International School Library Network Toul Kork Campus Footprints International School Library Network Toul Kork Campus TK Campus, Room B402, Khmer Book Case 16, Shelves 112-123 / ទូរសៀវភៅខ្មែរលេខ ១៦​ ធ្នើរ ១១២ ដល់ ១២៣ បន្ទប់ B402 សាខាទួលគោក 09/12/2023 1 SUT 371.9047 2023-0576 01/05/2026 11/10/2025 2 09/12/2023 Khmer Books
    Dewey Decimal Classification     Khmer Non-Fiction / សៀវភៅខ្មែរ រឿងពិត Footprints International School Library Network Toul Kork Campus Footprints International School Library Network Toul Kork Campus TK Campus, Room B402, Khmer Book Case 16, Shelves 112-123 / ទូរសៀវភៅខ្មែរលេខ ១៦​ ធ្នើរ ១១២ ដល់ ១២៣ បន្ទប់ B402 សាខាទួលគោក 09/12/2023   SUT 371.9047 FISTK05247 10/10/2023   3 09/12/2023 Khmer Books
    Dewey Decimal Classification     Khmer Non-Fiction / សៀវភៅខ្មែរ រឿងពិត Footprints International School Library Network Toul Kork Campus Footprints International School Library Network Toul Kork Campus TK Campus, Room B402, Khmer Book Case 16, Shelves 112-123 / ទូរសៀវភៅខ្មែរលេខ ១៦​ ធ្នើរ ១១២ ដល់ ១២៣ បន្ទប់ B402 សាខាទួលគោក 09/12/2023   SUT 371.9047 FISTK05246 11/15/2023   4 09/12/2023 Khmer Books
    Dewey Decimal Classification     Khmer Non-Fiction / សៀវភៅខ្មែរ រឿងពិត Footprints International School Library Network Toul Kork Campus Footprints International School Library Network Toul Kork Campus TTP Secondary Khmer Bookshelves 09/12/2023 1 SUT 371.9047 FIS04532 03/11/2025 03/11/2025 5 09/12/2023 Khmer Books
    Dewey Decimal Classification     Khmer Non-Fiction / សៀវភៅខ្មែរ រឿងពិត Footprints International School Library Network Toul Tom Poung Campus Footprints International School Library Network Toul Tom Poung Campus TTP Primary Khmer Bookshelves 09/12/2023   SUT 371.9047 FIS01537 09/25/2024   6 09/12/2023 Khmer Books
    Dewey Decimal Classification     Khmer Non-Fiction / សៀវភៅខ្មែរ រឿងពិត Footprints International School Library Network Toul Tom Poung Campus Footprints International School Library Network Toul Tom Poung Campus TTP Secondary Khmer Bookshelves 03/11/2025   SUT 371.9047 FIS05271 03/11/2025   7 03/11/2025 Khmer Books